000 01597nam a2200265Ia 4500
999 _c34818
_d34818
001 629
003 GE_BSU
005 20211122121135.0
008 181216s||||||||ge |||||||||||||| ||geo||
040 _cGE_BSU
041 _ageo
080 _a342(075.8) კ–73
245 _aკონსტიტუციური სამართალი :
_bსახელმძღვანელო /
_c [ავტ. კოლ.: ავთანდილ დემეტრაშვილი (პმგ რედ.), მარინა კვაჭაძე, კონსტანტინე კუბლაშვილი და სხვ.] ; საკონსტ. პრობლემათა სტრატ. კვლევის ცენტრი.
264 _aთბილისი :
_bინოვაცია,
_c2005.
300 _a527 გვ.;
_b20 სმ.
504 _aბიბლიოგრ. ტექსტ. შენიშვნ.
541 _h10 ლ.
653 _aკონსტიტუციური სამართალი
653 _aსახელმძღვანელო
653 _a საქართველოს კონსტიტუციური სამართალი
700 _aდემეტრაშვილი, ავთანდილ და სხვ.
_eავტორი
_96160
700 _aკვაჭაძე, მარინა
_eრედაქტორი
_99368
710 _a საკონსტ. პრობლემათა სტრატ. კვლევის ცენტრი.
_912989
942 _cBK
_2udc